00750nam a2200181 a 450000100100000000500170001000800410002704000250006804100080009310000460010124501210014726000450026830000210031370000380033404900090037295201700038199900170055100003293320200930065925.0110802s1972 dr 000 0 spa d aDO-SdBNPbspacBNPHU17aeng1 aGutiérrez, Carlos María,d1926-9513310aThe Dominican Republic :brebellion and repression /cCarlos María Gutiérrez : Translated by Richard E. Edwards. aNew York :bMonthly Review Press,c1972. a172 p. ;c23 cm.1 a. Edwards, Richard E.etr.958684 aBNPD 001050718RVaPDbPDcCTd2011-08-02iLF1l0o p32933-10r2020-06-25w2020-06-25y1zPerteneció a la biblioteca personal de Germán Emilio Ornes.ZNo se presta c32424d32424